000 00560nam a22002297a 4500
003 UA-OsUOA
001 48216
007 ta
008 20070830b un ||||| |||| 00| 0 ukr d
100 _aТарковский А.
090 _a82.09
_bТ19
942 _cBK
040 _aUA-OsUOA
_brus
_cUA-OsUOA
_dUA-OsUOA
245 _aЗемле - земное
300 _a170 с.
955 _a2
041 _arus
080 _a82.09
260 _aМ.
_c1966
650 7 _a82 Література. Літературознавство
_2UDC
999 _c334241
_d334241